[Event "DEM U14 2022"]
[Site "Willingen GER"]
[Date "2022.06.05"]
[Round "1"]
[White "Winkler, Yonathan"]
[Black "Deuer, Marius"]
[Result "0-1"]
[Termination "normal"]
[Board "1"]
[BlackTitle "FM"]
[WhiteElo "1699"]
[BlackElo "2351"]
[WhiteClock "00:03:08"]
[BlackClock "00:06:11"]
[PlyCount "71"]
[WhiteFideId "16266080"]
[BlackFideId "16236432"]
[EventCountry "GER"]
[EventRounds "9"]
[EventType "swiss"]
[EventDate "2022.06.04"]

1. e4 {[%clk 1:30:57]} c6 {[%clk 1:30:56]} 2. Nf3 {[%clk 1:31:12]} d5 {[%clk
1:31:19]} 3. d3 {[%clk 1:31:37]} Qc7 {[%clk 1:31:06]} 4. Nc3 {[%clk 1:30:39]}
dxe4 {[%clk 1:29:25]} 5. dxe4 {[%clk 1:31:02]} e5 {[%clk 1:24:33]} 6. Bc4
{[%clk 1:28:37]} Bg4 {[%clk 1:22:04]} 7. Bd2 {[%clk 1:21:16]} Nf6 {[%clk
1:18:04]} 8. h3 {[%clk 1:17:12]} Bh5 {[%clk 1:16:48]} 9. g4 {[%clk 1:13:44]}
Bg6 {[%clk 1:14:07]} 10. Qe2 {[%clk 1:13:30]} b5 {[%clk 1:05:26]} 11. Bd3
{[%clk 0:59:22]} Nfd7 {[%clk 1:01:20]} 12. Nh4 {[%clk 0:55:14]} Nc5 {[%clk
0:53:12]} 13. Nf5 {[%clk 0:50:11]} b4 {[%clk 0:47:51]} 14. Nd1 {[%clk 0:49:07]}
Ne6 {[%clk 0:47:58]} 15. c3 {[%clk 0:47:17]} a5 {[%clk 0:38:09]} 16. Bc4 {[%clk
0:45:11]} Nd7 {[%clk 0:37:43]} 17. Bxe6 {[%clk 0:39:52]} fxe6 {[%clk 0:38:11]}
18. Nh4 {[%clk 0:40:12]} Bf7 {[%clk 0:37:33]} 19. Be3 {[%clk 0:34:27]} Be7
{[%clk 0:35:50]} 20. g5 {[%clk 0:32:23]} Nc5 {[%clk 0:31:27]} 21. Qc4 {[%clk
0:31:20]} Qd6 {[%clk 0:28:10]} 22. Bxc5 {[%clk 0:21:33]} Qxc5 {[%clk 0:28:20]}
23. Qxc5 {[%clk 0:21:56]} Bxc5 {[%clk 0:28:48]} 24. Nf3 {[%clk 0:21:40]} Bd6
{[%clk 0:22:25]} 25. Ne3 {[%clk 0:20:43]} Bh5 {[%clk 0:22:45]} 26. Nd2 {[%clk
0:20:54]} O-O {[%clk 0:22:57]} 27. Rg1 {[%clk 0:19:06]} Rf4 {[%clk 0:22:10]}
28. Ng2 {[%clk 0:18:23]} Rf7 {[%clk 0:20:58]} 29. Rc1 {[%clk 0:11:19]} Raf8
{[%clk 0:18:45]} 30. Rf1 {[%clk 0:11:23]} Be7 {[%clk 0:17:14]} 31. h4 {[%clk
0:07:25]} bxc3 {[%clk 0:15:17]} 32. bxc3 {[%clk 0:06:07]} Bc5 {[%clk 0:14:58]}
33. Ne3 {[%clk 0:06:11]} Rf4 {[%clk 0:14:39]} 34. Rc2 {[%clk 0:03:05]} Rxh4
{[%clk 0:14:17]} 35. Nec4 {[%clk 0:03:26]} Rd8 {[%clk 0:06:11]} 36. Nxe5 {[%clk
0:03:08]} 0-1

[Event "DEM U14 2022"]
[Site "Willingen GER"]
[Date "2022.06.05"]
[Round "1"]
[White "Payyappat, Sreyas"]
[Black "Kieselbach, Jannik"]
[Result "1-0"]
[Termination "normal"]
[Board "2"]
[WhiteTitle "FM"]
[WhiteElo "2173"]
[BlackElo "1631"]
[WhiteClock "01:04:54"]
[BlackClock "00:42:52"]
[PlyCount "51"]
[WhiteFideId "46674969"]
[BlackFideId "16246403"]
[EventCountry "GER"]
[EventRounds "9"]
[EventType "swiss"]
[EventDate "2022.06.04"]

1. e4 {[%clk 1:30:57]} c5 {[%clk 1:30:55]} 2. Nf3 {[%clk 1:31:24]} d6 {[%clk
1:31:20]} 3. d4 {[%clk 1:31:50]} cxd4 {[%clk 1:31:44]} 4. Nxd4 {[%clk 1:32:17]}
Nf6 {[%clk 1:32:02]} 5. Nc3 {[%clk 1:32:43]} a6 {[%clk 1:32:25]} 6. h4 {[%clk
1:33:08]} e5 {[%clk 1:32:17]} 7. Nb3 {[%clk 1:33:32]} Be6 {[%clk 1:32:22]} 8.
f4 {[%clk 1:33:49]} exf4 {[%clk 1:31:36]} 9. Bxf4 {[%clk 1:34:11]} Nc6 {[%clk
1:30:45]} 10. Qd2 {[%clk 1:30:06]} Be7 {[%clk 1:26:38]} 11. O-O-O {[%clk
1:28:33]} Bg4 {[%clk 1:17:24]} 12. Be2 {[%clk 1:25:50]} Bxe2 {[%clk 1:17:03]}
13. Qxe2 {[%clk 1:25:35]} Qc7 {[%clk 1:12:40]} 14. g4 {[%clk 1:22:16]} O-O
{[%clk 1:01:59]} 15. g5 {[%clk 1:20:56]} Ne8 {[%clk 1:00:27]} 16. Nd5 {[%clk
1:20:13]} Qd8 {[%clk 0:57:54]} 17. Rhg1 {[%clk 1:15:46]} Kh8 {[%clk 0:51:52]}
18. h5 {[%clk 1:11:23]} Ne5 {[%clk 0:48:39]} 19. Nd4 {[%clk 1:08:39]} Nc7
{[%clk 0:46:23]} 20. Nxe7 {[%clk 1:05:18]} Qxe7 {[%clk 0:47:08]} 21. Nf5 {[%clk
1:05:50]} Qe6 {[%clk 0:44:35]} 22. h6 {[%clk 1:04:46]} Rfd8 {[%clk 0:43:45]}
23. hxg7+ {[%clk 1:04:27]} Kg8 {[%clk 0:44:07]} 24. Qh2 {[%clk 1:04:44]} Ng6
{[%clk 0:43:34]} 25. Rh1 {[%clk 1:04:37]} Nf8 {[%clk 0:42:52]} 26. gxf8=Q+
{[%clk 1:04:54]} 1-0

[Event "DEM U14 2022"]
[Site "Willingen GER"]
[Date "2022.06.05"]
[Round "1"]
[White "Müller, Maximilian"]
[Black "Ermitsch, Magnus"]
[Result "0-1"]
[Termination "normal"]
[Board "3"]
[WhiteElo "1875"]
[BlackElo "2227"]
[WhiteClock "00:09:17"]
[BlackClock "00:06:37"]
[PlyCount "108"]
[WhiteFideId "16243552"]
[BlackFideId "16234464"]
[EventCountry "GER"]
[EventRounds "9"]
[EventType "swiss"]
[EventDate "2022.06.04"]

1. e4 {[%clk 1:30:58]} c6 {[%clk 1:30:49]} 2. d4 {[%clk 1:31:22]} d5 {[%clk
1:31:09]} 3. e5 {[%clk 1:31:48]} Bf5 {[%clk 1:31:34]} 4. h4 {[%clk 1:32:14]} h5
{[%clk 1:31:59]} 5. Bd3 {[%clk 1:32:41]} Bxd3 {[%clk 1:32:23]} 6. Qxd3 {[%clk
1:33:06]} e6 {[%clk 1:32:44]} 7. Nf3 {[%clk 1:32:30]} Qa5+ {[%clk 1:33:05]} 8.
c3 {[%clk 1:31:27]} Qa6 {[%clk 1:30:07]} 9. Qxa6 {[%clk 1:24:41]} Nxa6 {[%clk
1:29:58]} 10. b3 {[%clk 1:24:10]} Rc8 {[%clk 1:24:14]} 11. Ba3 {[%clk 1:16:25]}
c5 {[%clk 1:23:19]} 12. O-O {[%clk 1:13:37]} Nh6 {[%clk 1:20:35]} 13. dxc5
{[%clk 0:58:15]} Nxc5 {[%clk 1:16:38]} 14. Nd4 {[%clk 0:58:32]} a6 {[%clk
1:15:13]} 15. Bxc5 {[%clk 0:50:53]} Bxc5 {[%clk 1:14:46]} 16. Nd2 {[%clk
0:50:52]} Be7 {[%clk 0:55:15]} 17. c4 {[%clk 0:44:28]} Bxh4 {[%clk 0:48:31]}
18. cxd5 {[%clk 0:44:05]} exd5 {[%clk 0:48:37]} 19. N2f3 {[%clk 0:40:31]} Be7
{[%clk 0:46:43]} 20. e6 {[%clk 0:40:04]} O-O {[%clk 0:45:16]} 21. Rad1 {[%clk
0:35:44]} Bf6 {[%clk 0:41:35]} 22. Rfe1 {[%clk 0:30:04]} Rfe8 {[%clk 0:40:25]}
23. Kf1 {[%clk 0:23:51]} g5 {[%clk 0:36:24]} 24. exf7+ {[%clk 0:18:59]} Kxf7
{[%clk 0:34:46]} 25. Rxe8 {[%clk 0:19:25]} Rxe8 {[%clk 0:34:08]} 26. Nc2 {[%clk
0:19:44]} Rd8 {[%clk 0:31:14]} 27. Nb4 {[%clk 0:18:23]} Ke6 {[%clk 0:18:42]}
28. Re1+ {[%clk 0:18:25]} Kd6 {[%clk 0:17:20]} 29. Rd1 {[%clk 0:18:50]} Ke6
{[%clk 0:17:44]} 30. Re1+ {[%clk 0:19:13]} Kf5 {[%clk 0:17:06]} 31. Rd1 {[%clk
0:12:34]} d4 {[%clk 0:15:25]} 32. Nd3 {[%clk 0:11:06]} g4 {[%clk 0:10:04]} 33.
Ng1 {[%clk 0:09:28]} Nf7 {[%clk 0:07:18]} 34. Ne2 {[%clk 0:09:42]} h4 {[%clk
0:07:08]} 35. Nc5 {[%clk 0:07:04]} Rd5 {[%clk 0:07:07]} 36. b4 {[%clk 0:07:08]}
a5 {[%clk 0:06:50]} 37. a3 {[%clk 0:07:22]} axb4 {[%clk 0:06:01]} 38. axb4
{[%clk 0:07:45]} b6 {[%clk 0:05:02]} 39. Na4 {[%clk 0:06:29]} Rd6 {[%clk
0:03:14]} 40. Nb2 {[%clk 0:04:40]} b5 {[%clk 0:02:10]} 41. Nd3 {[%clk 0:03:29]}
Ne5 {[%clk 0:25:05]} 42. Nxe5 {[%clk 0:28:00]} Kxe5 {[%clk 0:24:03]} 43. g3
{[%clk 0:26:04]} h3 {[%clk 0:16:57]} 44. Nf4 {[%clk 0:25:59]} Kf5 {[%clk
0:11:45]} 45. Nd3 {[%clk 0:15:47]} Ra6 {[%clk 0:10:37]} 46. Nc5 {[%clk
0:15:22]} Ra2 {[%clk 0:10:00]} 47. Kg1 {[%clk 0:15:42]} Rb2 {[%clk 0:09:22]}
48. Nd3 {[%clk 0:15:11]} Rb3 {[%clk 0:09:26]} 49. Kh2 {[%clk 0:15:24]} Bg7
{[%clk 0:07:51]} 50. f3 {[%clk 0:12:52]} gxf3 {[%clk 0:07:52]} 51. Kxh3 {[%clk
0:13:13]} Rxd3 {[%clk 0:06:03]} 52. Rxd3 {[%clk 0:13:33]} Ke4 {[%clk 0:06:29]}
53. Ra3 {[%clk 0:10:04]} d3 {[%clk 0:06:28]} 54. Ra8 {[%clk 0:09:17]} d2 {[%clk
0:06:37]} 0-1

[Event "DEM U14 2022"]
[Site "Willingen GER"]
[Date "2022.06.05"]
[Round "1"]
[White "Hagner, Bennet"]
[Black "Torosyan, Bagrat"]
[Result "1-0"]
[Termination "normal"]
[Board "4"]
[WhiteElo "2186"]
[BlackElo "1734"]
[WhiteClock "00:09:01"]
[BlackClock "00:01:48"]
[PlyCount "57"]
[WhiteFideId "16224477"]
[BlackFideId "16258134"]
[EventCountry "GER"]
[EventRounds "9"]
[EventType "swiss"]
[EventDate "2022.06.04"]

1. e4 {[%clk 1:30:58]} c5 {[%clk 1:30:57]} 2. Nf3 {[%clk 1:31:22]} d6 {[%clk
1:31:22]} 3. d4 {[%clk 1:31:49]} cxd4 {[%clk 1:31:48]} 4. Nxd4 {[%clk 1:32:14]}
Nf6 {[%clk 1:32:14]} 5. Nc3 {[%clk 1:32:38]} a6 {[%clk 1:32:37]} 6. Bg5 {[%clk
1:33:03]} e6 {[%clk 1:33:04]} 7. f4 {[%clk 1:33:28]} Qb6 {[%clk 1:33:30]} 8. a3
{[%clk 1:33:47]} Nc6 {[%clk 1:30:46]} 9. Nb3 {[%clk 1:34:10]} Be7 {[%clk
1:26:23]} 10. Qd2 {[%clk 1:34:15]} h6 {[%clk 1:24:00]} 11. Bxf6 {[%clk
1:32:28]} Bxf6 {[%clk 1:22:45]} 12. O-O-O {[%clk 1:30:12]} Be7 {[%clk 1:20:13]}
13. h4 {[%clk 1:16:41]} Qc7 {[%clk 1:16:52]} 14. g4 {[%clk 1:05:37]} b5 {[%clk
1:13:45]} 15. Bg2 {[%clk 1:02:08]} Rb8 {[%clk 1:13:06]} 16. g5 {[%clk 0:58:59]}
a5 {[%clk 1:10:44]} 17. Ne2 {[%clk 0:35:38]} a4 {[%clk 1:05:26]} 18. Nbd4
{[%clk 0:35:54]} b4 {[%clk 1:04:21]} 19. Nxc6 {[%clk 0:31:18]} Qxc6 {[%clk
0:48:16]} 20. axb4 {[%clk 0:30:26]} Qc4 {[%clk 0:36:46]} 21. Nd4 {[%clk
0:20:30]} Bd7 {[%clk 0:17:43]} 22. b5 {[%clk 0:13:49]} Qa2 {[%clk 0:09:40]} 23.
Qc3 {[%clk 0:14:00]} d5 {[%clk 0:06:46]} 24. exd5 {[%clk 0:11:49]} a3 {[%clk
0:04:50]} 25. b3 {[%clk 0:09:17]} Bd6 {[%clk 0:02:59]} 26. Rhf1 {[%clk
0:08:14]} hxg5 {[%clk 0:02:33]} 27. dxe6 {[%clk 0:08:24]} Bxf4+ {[%clk
0:01:23]} 28. Rxf4 {[%clk 0:08:48]} gxf4 {[%clk 0:01:48]} 29. exd7+ {[%clk
0:09:01]} 1-0

[Event "DEM U14 2022"]
[Site "Willingen GER"]
[Date "2022.06.05"]
[Round "1"]
[White "Fruth, David"]
[Black "Besou, Hussain"]
[Result "0-1"]
[Termination "normal"]
[Board "5"]
[WhiteElo "1648"]
[BlackElo "2094"]
[WhiteClock "00:20:53"]
[BlackClock "00:20:06"]
[PlyCount "60"]
[WhiteFideId "16257596"]
[BlackFideId "16269950"]
[EventCountry "GER"]
[EventRounds "9"]
[EventType "swiss"]
[EventDate "2022.06.04"]

1. e4 {[%clk 1:30:56]} c5 {[%clk 1:30:51]} 2. Nf3 {[%clk 1:29:26]} d6 {[%clk
1:30:33]} 3. d4 {[%clk 1:29:50]} cxd4 {[%clk 1:30:59]} 4. c3 {[%clk 1:30:10]}
Nf6 {[%clk 1:21:06]} 5. e5 {[%clk 1:25:54]} dxe5 {[%clk 1:21:23]} 6. Nxe5
{[%clk 1:26:14]} e6 {[%clk 1:21:02]} 7. Qa4+ {[%clk 1:19:18]} Nbd7 {[%clk
1:19:57]} 8. cxd4 {[%clk 1:12:29]} Be7 {[%clk 1:20:04]} 9. Be2 {[%clk 1:07:57]}
O-O {[%clk 1:20:20]} 10. O-O {[%clk 1:07:20]} Nb6 {[%clk 1:19:36]} 11. Qd1
{[%clk 1:07:38]} Nbd5 {[%clk 1:19:22]} 12. Bf3 {[%clk 1:07:55]} Bd7 {[%clk
1:13:10]} 13. Nc3 {[%clk 1:03:01]} Bc6 {[%clk 1:13:05]} 14. Bxd5 {[%clk
1:02:24]} Bxd5 {[%clk 1:12:36]} 15. Bg5 {[%clk 1:01:18]} h6 {[%clk 1:11:04]}
16. Bh4 {[%clk 1:00:10]} Rc8 {[%clk 1:10:34]} 17. Rc1 {[%clk 0:51:42]} a6
{[%clk 0:57:38]} 18. a3 {[%clk 0:49:39]} b5 {[%clk 0:53:40]} 19. f4 {[%clk
0:44:07]} Bb7 {[%clk 0:42:30]} 20. Qd3 {[%clk 0:39:41]} Nd5 {[%clk 0:37:51]}
21. Bxe7 {[%clk 0:38:55]} Nxe7 {[%clk 0:37:59]} 22. Rc2 {[%clk 0:36:23]} Nf5
{[%clk 0:35:54]} 23. Rd2 {[%clk 0:36:30]} f6 {[%clk 0:30:05]} 24. Nf3 {[%clk
0:30:59]} Qb6 {[%clk 0:29:25]} 25. Kh1 {[%clk 0:30:13]} Rfd8 {[%clk 0:29:04]}
26. Rfd1 {[%clk 0:29:26]} Rc4 {[%clk 0:23:48]} 27. Ne2 {[%clk 0:28:11]} Bd5
{[%clk 0:22:25]} 28. h3 {[%clk 0:21:58]} Qb7 {[%clk 0:22:04]} 29. Neg1 {[%clk
0:21:06]} Be4 {[%clk 0:19:42]} 30. Qe2 {[%clk 0:20:53]} Ng3+ {[%clk 0:20:06]}
0-1

[Event "DEM U14 2022"]
[Site "Willingen GER"]
[Date "2022.06.05"]
[Round "1"]
[White "Haubold, Christian Lucas"]
[Black "Schwan, Aaron"]
[Result "1-0"]
[Termination "normal"]
[Board "6"]
[WhiteElo "1944"]
[BlackElo "1671"]
[WhiteClock "00:39:47"]
[BlackClock "00:27:58"]
[PlyCount "39"]
[WhiteFideId "16259629"]
[BlackFideId "34603220"]
[EventCountry "GER"]
[EventRounds "9"]
[EventType "swiss"]
[EventDate "2022.06.04"]

1. e4 {[%clk 1:30:55]} c5 {[%clk 1:30:54]} 2. Nf3 {[%clk 1:31:18]} e6 {[%clk
1:31:20]} 3. d4 {[%clk 1:31:38]} cxd4 {[%clk 1:31:49]} 4. Nxd4 {[%clk 1:31:57]}
a6 {[%clk 1:32:14]} 5. Bd3 {[%clk 1:23:07]} Qc7 {[%clk 1:31:32]} 6. a3 {[%clk
1:09:08]} Nf6 {[%clk 1:29:17]} 7. Nc3 {[%clk 1:07:19]} b5 {[%clk 1:25:30]} 8.
O-O {[%clk 1:02:06]} d6 {[%clk 1:23:19]} 9. f4 {[%clk 0:59:24]} g6 {[%clk
1:16:30]} 10. e5 {[%clk 0:48:46]} Nfd7 {[%clk 1:03:12]} 11. exd6 {[%clk
0:44:15]} Qxd6 {[%clk 1:00:31]} 12. Be4 {[%clk 0:42:56]} Ra7 {[%clk 0:55:13]}
13. Qe2 {[%clk 0:41:49]} Qb6 {[%clk 0:41:23]} 14. Be3 {[%clk 0:41:15]} Bc5
{[%clk 0:39:36]} 15. Rad1 {[%clk 0:40:46]} Qd8 {[%clk 0:32:12]} 16. Nxe6 {[%clk
0:39:48]} fxe6 {[%clk 0:27:17]} 17. Bxc5 {[%clk 0:40:09]} Nxc5 {[%clk 0:27:10]}
18. Rxd8+ {[%clk 0:40:27]} Kxd8 {[%clk 0:27:39]} 19. Qe3 {[%clk 0:39:47]} Rc7
{[%clk 0:27:58]} 20. Qd4+ 1-0

[Event "DEM U14 2022"]
[Site "Willingen GER"]
[Date "2022.06.05"]
[Round "1"]
[White "Mainka, Ingmar"]
[Black "Klaska, Philipp Leon"]
[Result "0-1"]
[Termination "normal"]
[Board "9"]
[WhiteElo "1427"]
[BlackElo "1946"]
[WhiteClock "00:01:26"]
[BlackClock "00:06:32"]
[PlyCount "77"]
[WhiteFideId "16254937"]
[BlackFideId "16238044"]
[EventCountry "GER"]
[EventRounds "9"]
[EventType "swiss"]
[EventDate "2022.06.04"]

1. e4 {[%clk 1:30:57]} c5 {[%clk 1:30:50]} 2. Nf3 {[%clk 1:31:22]} e6 {[%clk
1:31:15]} 3. d4 {[%clk 1:31:48]} cxd4 {[%clk 1:31:39]} 4. Nxd4 {[%clk 1:32:15]}
a6 {[%clk 1:32:02]} 5. Nc3 {[%clk 1:32:38]} Qc7 {[%clk 1:32:25]} 6. Be2 {[%clk
1:33:03]} Nf6 {[%clk 1:32:47]} 7. O-O {[%clk 1:33:20]} Nc6 {[%clk 1:32:38]} 8.
Be3 {[%clk 1:33:29]} Be7 {[%clk 1:30:38]} 9. f4 {[%clk 1:32:55]} d6 {[%clk
1:30:42]} 10. Qe1 {[%clk 1:32:22]} O-O {[%clk 1:26:22]} 11. Qg3 {[%clk
1:29:40]} Nxd4 {[%clk 1:20:15]} 12. Bxd4 {[%clk 1:30:01]} b5 {[%clk 1:20:19]}
13. a3 {[%clk 1:30:01]} Bb7 {[%clk 1:19:01]} 14. Rad1 {[%clk 1:20:00]} Rad8
{[%clk 1:16:07]} 15. Bf3 {[%clk 1:14:56]} Bc6 {[%clk 1:08:52]} 16. e5 {[%clk
1:08:27]} dxe5 {[%clk 1:01:04]} 17. Bxe5 {[%clk 1:08:36]} Qb7 {[%clk 0:57:52]}
18. Bxc6 {[%clk 1:03:10]} Qxc6 {[%clk 0:57:55]} 19. b4 {[%clk 0:24:58]} g6
{[%clk 0:29:50]} 20. Qf3 {[%clk 0:17:55]} Qxf3 {[%clk 0:27:52]} 21. Rxf3 {[%clk
0:18:12]} Rxd1+ {[%clk 0:26:10]} 22. Nxd1 {[%clk 0:18:22]} Rd8 {[%clk 0:24:40]}
23. Rd3 {[%clk 0:18:30]} Rxd3 {[%clk 0:22:57]} 24. cxd3 {[%clk 0:18:55]} Nd5
{[%clk 0:21:33]} 25. g3 {[%clk 0:17:26]} Bd8 {[%clk 0:19:42]} 26. Bd4 {[%clk
0:16:09]} Kf8 {[%clk 0:18:00]} 27. Kf2 {[%clk 0:11:33]} Ke7 {[%clk 0:17:02]}
28. Kf3 {[%clk 0:07:18]} Kd7 {[%clk 0:13:11]} 29. Nc3 {[%clk 0:01:17]} Nxc3
{[%clk 0:12:41]} 30. Bxc3 {[%clk 0:01:43]} Kd6 {[%clk 0:12:59]} 31. Ke3 {[%clk
0:01:36]} Kd5 {[%clk 0:13:23]} 32. Bd4 {[%clk 0:01:33]} h6 {[%clk 0:11:33]} 33.
Bc3 {[%clk 0:00:55]} Bb6+ {[%clk 0:11:22]} 34. Ke2 {[%clk 0:00:44]} h5 {[%clk
0:10:02]} 35. Bf6 {[%clk 0:00:36]} Bg1 {[%clk 0:07:29]} 36. h3 {[%clk 0:00:47]}
Bd4 {[%clk 0:06:18]} 37. Bxd4 {[%clk 0:01:11]} Kxd4 {[%clk 0:06:46]} 38. Kd2
{[%clk 0:01:35]} f6 {[%clk 0:06:32]} 39. g4 {[%clk 0:01:26]} 0-1

[Event "DEM U14 2022"]
[Site "Willingen GER"]
[Date "2022.06.05"]
[Round "1"]
[White "Linnemann, Caspar"]
[Black "Hoppstädter, Daniel"]
[Result "1/2-1/2"]
[Termination "normal"]
[Board "11"]
[WhiteElo "1720"]
[BlackElo "1987"]
[WhiteClock "00:12:47"]
[BlackClock "00:01:01"]
[PlyCount "134"]
[WhiteFideId "16200284"]
[BlackFideId "16243625"]
[EventCountry "GER"]
[EventRounds "9"]
[EventType "swiss"]
[EventDate "2022.06.04"]

1. e4 {[%clk 1:30:56]} c6 {[%clk 1:30:52]} 2. d4 {[%clk 1:31:09]} d5 {[%clk
1:31:17]} 3. Nd2 {[%clk 1:30:19]} dxe4 {[%clk 1:31:37]} 4. Nxe4 {[%clk
1:30:37]} Nf6 {[%clk 1:32:01]} 5. Nxf6+ {[%clk 1:30:37]} exf6 {[%clk 1:32:24]}
6. Be3 {[%clk 1:30:00]} Bd6 {[%clk 1:32:33]} 7. Bc4 {[%clk 1:27:56]} O-O {[%clk
1:32:35]} 8. Ne2 {[%clk 1:26:03]} Re8 {[%clk 1:31:05]} 9. O-O {[%clk 1:24:37]}
Nd7 {[%clk 1:31:18]} 10. Bb3 {[%clk 1:18:57]} Nf8 {[%clk 1:29:57]} 11. Qd2
{[%clk 1:14:28]} Ng6 {[%clk 1:29:25]} 12. Rfe1 {[%clk 1:09:14]} Qc7 {[%clk
1:27:26]} 13. h3 {[%clk 1:06:43]} Nh4 {[%clk 1:15:28]} 14. Bf4 {[%clk 0:48:07]}
Bxh3 {[%clk 1:10:28]} 15. Bxd6 {[%clk 0:46:47]} Qxd6 {[%clk 1:10:38]} 16. Qf4
{[%clk 0:45:50]} Qxf4 {[%clk 1:08:29]} 17. Nxf4 {[%clk 0:46:05]} Bf5 {[%clk
1:04:31]} 18. c3 {[%clk 0:40:07]} Ng6 {[%clk 0:33:51]} 19. Nxg6 {[%clk
0:32:37]} Bxg6 {[%clk 0:34:10]} 20. f3 {[%clk 0:30:44]} Bf5 {[%clk 0:33:19]}
21. Kf2 {[%clk 0:21:36]} Kf8 {[%clk 0:28:53]} 22. Ba4 {[%clk 0:17:42]} Be6
{[%clk 0:26:05]} 23. Bc2 {[%clk 0:15:34]} g6 {[%clk 0:20:23]} 24. a3 {[%clk
0:10:02]} h5 {[%clk 0:12:58]} 25. Bd3 {[%clk 0:07:59]} Kg7 {[%clk 0:11:42]} 26.
Re2 {[%clk 0:07:15]} Rad8 {[%clk 0:10:24]} 27. Rae1 {[%clk 0:05:50]} b5 {[%clk
0:07:44]} 28. Bc2 {[%clk 0:04:51]} Rh8 {[%clk 0:05:39]} 29. Be4 {[%clk
0:03:59]} Rd6 {[%clk 0:05:42]} 30. Bc2 {[%clk 0:02:06]} a5 {[%clk 0:05:19]} 31.
Ra1 {[%clk 0:01:32]} Rb8 {[%clk 0:05:19]} 32. b4 {[%clk 0:01:09]} a4 {[%clk
0:05:26]} 33. Rb1 {[%clk 0:00:59]} Bc4 {[%clk 0:05:04]} 34. Re3 {[%clk
0:00:59]} Re6 {[%clk 0:03:49]} 35. Rbe1 {[%clk 0:01:01]} Rbe8 {[%clk 0:03:35]}
36. Be4 {[%clk 0:00:59]} Bd5 {[%clk 0:03:37]} 37. R1e2 {[%clk 0:00:33]} Kf8
{[%clk 0:01:43]} 38. Re1 {[%clk 0:00:41]} R8e7 {[%clk 0:01:49]} 39. R1e2 {[%clk
0:00:43]} Ke8 {[%clk 0:01:11]} 40. Re1 {[%clk 0:01:01]} Kd7 {[%clk 0:01:27]}
41. R1e2 {[%clk 0:28:33]} Kd6 {[%clk 0:24:51]} 42. Re1 {[%clk 0:27:56]} Bc4
{[%clk 0:20:25]} 43. g3 {[%clk 0:26:17]} f5 {[%clk 0:18:08]} 44. Bc2 {[%clk
0:26:22]} Kd5 {[%clk 0:17:10]} 45. Rxe6 {[%clk 0:24:24]} Rxe6 {[%clk 0:17:16]}
46. Bb1 {[%clk 0:23:40]} Rxe1 {[%clk 0:15:21]} 47. Kxe1 {[%clk 0:24:02]} Ke6
{[%clk 0:15:04]} 48. Kf2 {[%clk 0:23:59]} g5 {[%clk 0:14:00]} 49. Bc2 {[%clk
0:23:37]} Kf6 {[%clk 0:10:25]} 50. Kg2 {[%clk 0:23:19]} g4 {[%clk 0:10:07]} 51.
f4 {[%clk 0:21:51]} Bd5+ {[%clk 0:09:43]} 52. Kf2 {[%clk 0:22:08]} Be4 {[%clk
0:09:51]} 53. Bd1 {[%clk 0:22:20]} Bd3 {[%clk 0:09:28]} 54. Ke3 {[%clk
0:22:23]} Bc4 {[%clk 0:03:42]} 55. Kf2 {[%clk 0:22:01]} Ke6 {[%clk 0:03:12]}
56. Bc2 {[%clk 0:21:57]} Bd5 {[%clk 0:03:29]} 57. Ke3 {[%clk 0:21:25]} Kf6
{[%clk 0:02:47]} 58. Kf2 {[%clk 0:21:24]} Kg6 {[%clk 0:03:14]} 59. Bd1 {[%clk
0:20:24]} Kf6 {[%clk 0:02:29]} 60. Bc2 {[%clk 0:19:42]} Ke6 {[%clk 0:02:46]}
61. Ke3 {[%clk 0:19:03]} Bf3 {[%clk 0:01:40]} 62. Bd3 {[%clk 0:16:13]} Kd5
{[%clk 0:01:17]} 63. Bf1 {[%clk 0:15:59]} Be4 {[%clk 0:01:40]} 64. Kf2 {[%clk
0:13:58]} Bh1 {[%clk 0:01:40]} 65. Ke3 {[%clk 0:14:15]} f6 {[%clk 0:01:01]} 66.
Bd3 {[%clk 0:12:47]} Be4 67. Bf1 Bh1 1/2-1/2

[Event "DEM U14 2022"]
[Site "Willingen GER"]
[Date "2022.06.05"]
[Round "1"]
[White "Udelnov, Valentin"]
[Black "Eichhorn, Valentin"]
[Result "1-0"]
[Termination "normal"]
[Board "12"]
[WhiteElo "1967"]
[BlackElo "1565"]
[WhiteClock "00:20:48"]
[BlackClock "00:09:04"]
[PlyCount "53"]
[WhiteFideId "16265734"]
[BlackFideId "16239032"]
[EventCountry "GER"]
[EventRounds "9"]
[EventType "swiss"]
[EventDate "2022.06.04"]

1. e4 {[%clk 1:30:55]} c5 {[%clk 1:30:32]} 2. Nf3 {[%clk 1:31:20]} e6 {[%clk
1:30:43]} 3. d4 {[%clk 1:31:43]} cxd4 {[%clk 1:30:55]} 4. Nxd4 {[%clk 1:32:11]}
Nf6 {[%clk 1:31:06]} 5. Nc3 {[%clk 1:21:01]} Nc6 {[%clk 1:29:12]} 6. Bg5 {[%clk
1:15:43]} Qb6 {[%clk 1:01:12]} 7. Nb3 {[%clk 1:05:39]} a5 {[%clk 0:57:39]} 8.
Be3 {[%clk 0:50:29]} Qd8 {[%clk 0:57:11]} 9. f4 {[%clk 0:43:45]} Bb4 {[%clk
0:55:57]} 10. Bd3 {[%clk 0:40:10]} d5 {[%clk 0:46:43]} 11. e5 {[%clk 0:36:03]}
d4 {[%clk 0:39:55]} 12. Nxd4 {[%clk 0:33:36]} Nxd4 {[%clk 0:35:48]} 13. Bxd4
{[%clk 0:33:43]} Nd5 {[%clk 0:31:44]} 14. O-O {[%clk 0:29:36]} O-O {[%clk
0:29:07]} 15. Ne4 {[%clk 0:28:06]} Nxf4 {[%clk 0:26:31]} 16. Nf6+ {[%clk
0:28:23]} gxf6 {[%clk 0:24:10]} 17. Rxf4 {[%clk 0:27:56]} f5 {[%clk 0:23:41]}
18. Qh5 {[%clk 0:27:50]} Be7 {[%clk 0:23:11]} 19. c3 {[%clk 0:24:50]} Kh8
{[%clk 0:19:17]} 20. Kh1 {[%clk 0:20:34]} Bd7 {[%clk 0:16:13]} 21. Rxf5 {[%clk
0:18:49]} exf5 {[%clk 0:12:23]} 22. e6+ {[%clk 0:18:56]} f6 {[%clk 0:09:44]}
23. Bxf5 {[%clk 0:19:18]} Rf7 {[%clk 0:08:47]} 24. Qxf7 {[%clk 0:19:42]} Qg8
{[%clk 0:08:41]} 25. Qxe7 {[%clk 0:20:04]} Bc6 {[%clk 0:08:40]} 26. Bxf6+
{[%clk 0:20:26]} Qg7 {[%clk 0:09:04]} 27. Qxg7# {[%clk 0:20:48]} 1-0